[Event "Bamberg op-B 5th"]
[Site "Bamberg"]
[Date "2023.07.27"]
[Round "2"]
[White "Heiler, Karl"]
[Black "Pitz, Marko"]
[Result "1-0"]
[WhiteElo "1797"]
[BlackElo "1663"]
[PlyCount "65"]
[EventDate "2023.07.26"]
[EventType "swiss"]
[EventRounds "7"]
[EventCountry "GER"]
[SourceTitle "CBM 215 Extra"]
[Source "ChessBase"]
[SourceDate "2023.09.30"]
[SourceVersion "1"]
[SourceVersionDate "2023.09.30"]
[SourceQuality "1"]

1. e4 e5 2. Nf3 f5 3. exf5 e4 4. Ng1 Nf6 5. d3 exd3 6. Bxd3 Be7 7. Nc3 c6 8. Nge2 0-0 9. Bf4 d5 10. Nd4 Bc5 11. Nce2 Re8 12. 0-0 Na6 13. Bxa6 bxa6 14. Nxc6 Qb6 15. Ncd4 Bxd4 16. Nxd4 Re4 17. Be3 Qc7 18. c3 Ng4 19. Nf3 Qd6 20. Bd4 Bxf5 21. h3 Nf6 22. Bxf6 gxf6 23. Nd4 Bd7 24. Qd2 Rh4 25. Qe3 Rxd4 26. cxd4 Kh8 27. Kh1 Rg8 28. Rae1 Rg7 29. Rc1 Bf5 30. Rc3 h5 31. Qe8+ Rg8 32. Qxh5+ Bh7 33. Rfc1 1-0

[Event "Rhein Main op-A 17th"]
[Site "Bad Homburg"]
[Date "2014.06.19"]
[Round "2"]
[White "Rolf, Marco"]
[Black "Heiler, Karl"]
[Result "1-0"]
[WhiteElo "1945"]
[BlackElo "1835"]
[PlyCount "43"]
[EventDate "2014.06.18"]
[EventType "swiss"]
[EventRounds "7"]
[EventCountry "GER"]
[SourceTitle "CBM 161 Extra"]
[Source "ChessBase"]
[SourceDate "2014.08.29"]
[SourceVersion "1"]
[SourceVersionDate "2014.08.29"]
[SourceQuality "1"]

1. d4 c5 2. d5 Nf6 3. c4 b5 4. cxb5 a6 5. b6 d6 6. Nc3 g6 7. a4 a5 8. e4 Qxb6 9. Bb5+ Nbd7 10. Qe2 Bg7 11. f4 Bb7 12. Nf3 Rd8 13. Bc4 0-0 14. e5 dxe5 15. fxe5 Ne8 16. Bg5 Nxe5 17. Nxe5 Bxe5 18. Qxe5 Nd6 19. Qe2 Nxc4 20. Qxc4 Qxb2 21. 0-0 Rxd5 22. Nxd5 1-0

[Event "Rhein Main op-B 16th"]
[Site "Bad Homburg"]
[Date "2013.06.02"]
[Round "7"]
[White "Heiler, Karl"]
[Black "Schmitt, Roland"]
[Result "0-1"]
[WhiteElo "1806"]
[BlackElo "1925"]
[PlyCount "102"]
[EventDate "2013.05.29"]
[EventType "swiss"]
[EventRounds "7"]
[EventCountry "GER"]
[SourceTitle "EXT 2014"]
[Source "ChessBase"]
[SourceDate "2013.11.20"]
[SourceVersion "1"]
[SourceVersionDate "2013.11.20"]
[SourceQuality "1"]

1. e4 g6 2. d4 Bg7 3. Nc3 c5 4. Nf3 cxd4 5. Nxd4 d6 6. Be3 Nf6 7. Bc4 0-0 8. 0-0 Nc6 9. Bb3 Bd7 10. f4 e5 11. Ndb5 Ng4 12. Qf3 Nd4 13. Bxd4 exd4 14. Ne2 d3 15. Qxd3 Qb6+ 16. Nbd4 Bb5 17. c4 Bc6 18. Kh1 Rae8 19. Nxc6 Qxc6 20. Ng3 h5 21. h3 Nf6 22. Rad1 h4 23. Ne2 Nxe4 24. Kh2 Qc5 25. Qd5 Qe3 26. Rde1 Qd2 27. Qxd2 Nxd2 28. Rh1 Bxb2 29. Nc1 Ne4 30. Nd3 Bd4 31. Ba4 Re6 32. Bd7 Re7 33. Bg4 f5 34. Bf3 a5 35. Rb1 b6 36. Rb5 Kf7 37. Re1 Nc3 38. Rxe7+ Kxe7 39. Rb2 Rc8 40. Rd2 Be3 41. Rc2 Rxc4 42. Bd5 Rc7 43. Bb3 d5 44. g3 Kd6 45. gxh4 a4 46. Rg2 axb3 47. Rxg6+ Ke7 48. Rg7+ Kd8 49. Rg8+ Kd7 50. Ne5+ Kd6 51. Rg6+ Kc5 0-1

[Event "Rhein Main op-B 16th"]
[Site "Bad Homburg"]
[Date "2013.06.01"]
[Round "6"]
[White "Koestler, Peter"]
[Black "Heiler, Karl"]
[Result "1/2-1/2"]
[WhiteElo "1919"]
[BlackElo "1806"]
[PlyCount "42"]
[EventDate "2013.05.29"]
[EventType "swiss"]
[EventRounds "7"]
[EventCountry "GER"]
[SourceTitle "EXT 2014"]
[Source "ChessBase"]
[SourceDate "2013.11.20"]
[SourceVersion "1"]
[SourceVersionDate "2013.11.20"]
[SourceQuality "1"]

1. d4 c5 2. c3 cxd4 3. cxd4 d5 4. Bf4 Nc6 5. e3 Nf6 6. Nc3 a6 7. Nf3 e6 8. a3 Bd6 9. Bg3 0-0 10. Bd3 b5 11. b4 Bb7 12. 0-0 Bxg3 13. hxg3 Re8 14. Qb3 Qd6 15. Rfd1 Rac8 16. Rab1 e5 17. dxe5 Nxe5 18. Be2 Qc6 19. Na2 Qc2 20. Nd4 Qxb3 21. Rxb3 Ne4 1/2-1/2

[Event "Rhein Main op-B 16th"]
[Site "Bad Homburg"]
[Date "2013.05.29"]
[Round "1"]
[White "Heiler, Karl"]
[Black "Ritzheim, Stefan"]
[Result "1-0"]
[WhiteElo "1806"]
[BlackElo "1349"]
[PlyCount "65"]
[EventDate "2013.05.29"]
[EventType "swiss"]
[EventRounds "7"]
[EventCountry "GER"]
[SourceTitle "EXT 2014"]
[Source "ChessBase"]
[SourceDate "2013.11.20"]
[SourceVersion "1"]
[SourceVersionDate "2013.11.20"]
[SourceQuality "1"]

1. e4 c5 2. c3 d5 3. exd5 Qxd5 4. d4 cxd4 5. cxd4 Nc6 6. Nf3 Nf6 7. Nc3 Qd8 8. d5 Nb8 9. Bf4 a6 10. Be2 g6 11. 0-0 Bg7 12. d6 e6 13. Rc1 0-0 14. Qc2 Nc6 15. a3 Bd7 16. b4 b5 17. Ng5 Rc8 18. Qd2 Re8 19. Nge4 Nxe4 20. Nxe4 Nd4 21. Nc5 e5 22. Be3 Nxe2+ 23. Qxe2 Rc6 24. Rfd1 Bf8 25. Ne4 f5 26. Bg5 Qc8 27. Nf6+ Kf7 28. Rxc6 Qxc6 29. Nxe8 Bxe8 30. Qxe5 Kg8 31. Rc1 Bxd6 32. Qe6+ Bf7 33. Qxf7+ 1-0

[Event "Rhein Main op-B 14th"]
[Site "Bad Homburg"]
[Date "2011.06.26"]
[Round "7"]
[White "Bigott, Martin"]
[Black "Heiler, Karl"]
[Result "0-1"]
[WhiteElo "1893"]
[BlackElo "1827"]
[PlyCount "42"]
[EventDate "2011.06.22"]
[EventType "swiss"]
[EventRounds "7"]
[EventCountry "GER"]
[SourceTitle "EXT 2012"]
[Source "ChessBase"]
[SourceDate "2011.11.24"]
[SourceVersion "1"]
[SourceVersionDate "2011.11.24"]
[SourceQuality "1"]

1. d4 c5 2. d5 Nf6 3. c4 b5 4. cxb5 a6 5. Nc3 g6 6. e4 d6 7. Nf3 Bg7 8. bxa6 Bxa6 9. Bxa6 Nxa6 10. 0-0 0-0 11. Bg5 Qb6 12. Qd2 Ra7 13. a3 Rb8 14. Ra2 Rab7 15. Rb1 Qb3 16. Qd3 c4 17. Qd1 Nxe4 18. Nd2 Qxd1+ 19. Rxd1 Nxg5 20. Nxc4 Bxc3 21. bxc3 Rc7 0-1

[Event "Stuttgart-chB int"]
[Site "Ditzingen"]
[Date "2009.05.23"]
[Round "5"]
[White "Heiler, Karl"]
[Black "Helfrich, Leo"]
[Result "0-1"]
[WhiteElo "1860"]
[BlackElo "1701"]
[PlyCount "78"]
[EventDate "2009.05.21"]
[EventType "swiss"]
[EventRounds "7"]
[EventCountry "GER"]
[SourceTitle "EXT 2018"]
[Source "ChessBase"]
[SourceDate "2017.10.13"]
[SourceVersion "1"]
[SourceVersionDate "2017.10.13"]
[SourceQuality "1"]

1. e4 g6 2. d4 Bg7 3. Nf3 c5 4. c3 cxd4 5. cxd4 Qb6 6. Nc3 e6 7. Be2 Nc6 8. Nb5 a6 9. Nd6+ Ke7 10. Nc4 Qd8 11. d5 b5 12. Ne3 Ne5 13. Nd4 Qb6 14. Nec2 Bb7 15. Be3 Qa5+ 16. b4 Qd8 17. d6+ Ke8 18. Bf3 Nxf3+ 19. gxf3 Nh6 20. Qd2 Qh4 21. Ke2 Qh5 22. Rag1 f6 23. Nxe6 dxe6 24. d7+ Kf7 25. Rd1 Bxe4 26. Nd4 Nf5 27. Rc1 Nxd4+ 28. Qxd4 Bxf3+ 29. Ke1 Qd5 30. Rg1 f5 31. Rc7 Rhd8 32. Qxd5 exd5 33. Rg3 Be4 34. Bg5 Bf6 35. Bxf6 Kxf6 36. Rh3 h5 37. Re3 d4 38. Rc4 Ke6 39. Rc8 Rxd7 0-1

[Event "Stuttgart-chB int"]
[Site "Ditzingen"]
[Date "2009.05.22"]
[Round "4"]
[White "Knolmayer, Volker"]
[Black "Heiler, Karl"]
[Result "1-0"]
[WhiteElo "1700"]
[BlackElo "1860"]
[PlyCount "91"]
[EventDate "2009.05.21"]
[EventType "swiss"]
[EventRounds "7"]
[EventCountry "GER"]
[SourceTitle "EXT 2018"]
[Source "ChessBase"]
[SourceDate "2017.10.13"]
[SourceVersion "1"]
[SourceVersionDate "2017.10.13"]
[SourceQuality "1"]

1. e4 d5 2. exd5 Nf6 3. d4 Bg4 4. Be2 Bxe2 5. Qxe2 Qxd5 6. Nf3 Nc6 7. c4 Qe4 8. a3 e6 9. Bd2 Rd8 10. Nc3 Qg4 11. d5 Na5 12. Nb5 Qxc4 13. Bxa5 Qxe2+ 14. Kxe2 b6 15. Bc3 Nxd5 16. Be5 c5 17. Nc7+ Nxc7 18. Bxc7 Rd7 19. Bf4 Bd6 20. Bxd6 Rxd6 21. Rad1 Rd5 22. Rhe1 Ke7 23. Rxd5 exd5 24. Kd3+ Kd6 25. Ng5 Kc6 26. Nxf7 Rf8 27. Ne5+ Kd6 28. Nf3 a5 29. Re2 c4+ 30. Kd2 Kc5 31. Ne5 Rd8 32. Nf3 b5 33. Re7 b4 34. axb4+ axb4 35. Rc7+ Kb5 36. Nd4+ Kb6 37. Rxg7 Rf8 38. f3 Rf4 39. Rg4 Rxg4 40. fxg4 Kc5 41. Ne6+ Kd6 42. Ng5 d4 43. Nxh7 c3+ 44. bxc3 bxc3+ 45. Kc2 d3+ 46. Kxc3 1-0

[Event "Rewal op 11th"]
[Site "Rewal"]
[Date "2006.08.21"]
[Round "1"]
[White "Heiler, Karl"]
[Black "Matras Clement, Agnieszka"]
[Result "0-1"]
[WhiteElo "1868"]
[BlackElo "2210"]
[PlyCount "48"]
[EventDate "2006.08.21"]
[EventType "swiss"]
[EventRounds "11"]
[EventCountry "POL"]
[SourceTitle "EXT 2010"]
[Source "ChessBase"]
[SourceDate "2010.11.25"]
[SourceVersion "1"]
[SourceVersionDate "2010.11.25"]
[SourceQuality "1"]

1. e4 e5 2. Nf3 Nc6 3. Bb5 a6 4. Bxc6 dxc6 5. 0-0 Qd6 6. d4 exd4 7. Qxd4 Qxd4 8. Nxd4 Bd7 9. Bf4 0-0-0 10. Nd2 Bc5 11. N2f3 Nf6 12. e5 Nd5 13. Bg3 Rhe8 14. Rfe1 Bg4 15. Nb3 Ba7 16. Rad1 Nb4 17. Rxd8+ Rxd8 18. h3 Bxf3 19. gxf3 Nxc2 20. Re4 Nd4 21. Nxd4 Rxd4 22. Rxd4 Bxd4 23. b3 Kd7 24. Kf1 g5 0-1

[Event "Stuttgart-chB int"]
[Site "Ditzingen"]
[Date "2005.05.06"]
[Round "3"]
[White "Ruff, Robert"]
[Black "Heiler, Karl"]
[Result "0-1"]
[WhiteElo "1508"]
[BlackElo "1785"]
[PlyCount "116"]
[EventDate "2005.05.05"]
[EventType "swiss"]
[EventRounds "7"]
[EventCountry "GER"]
[SourceTitle "EXT 2018"]
[Source "ChessBase"]
[SourceDate "2017.10.13"]
[SourceVersion "1"]
[SourceVersionDate "2017.10.13"]
[SourceQuality "1"]

1. d4 Nf6 2. Nc3 d5 3. Bg5 e6 4. e4 Be7 5. Bxf6 Bxf6 6. e5 Be7 7. Nf3 c5 8. a3 Nc6 9. Ne2 cxd4 10. Nexd4 a6 11. Bd3 Qb6 12. Nxc6 bxc6 13. Rb1 Rb8 14. 0-0 c5 15. c3 0-0 16. Re1 c4 17. Bc2 Bd7 18. h4 f6 19. Re3 f5 20. Nd4 Be8 21. h5 f4 22. Rh3 Bc5 23. b4 Bxd4 24. cxd4 Rb7 25. Qd2 Rbf7 26. f3 Rc7 27. Rc1 g6 28. hxg6 Bxg6 29. Bxg6 hxg6 30. Kf2 g5 31. Rch1 Rg7 32. Kf1 Kf7 33. Rh7 Rfg8 34. R7h6 Rg6 35. Ke1 Qc6 36. Qc3 Qa4 37. Kd2 Rc8 38. Rxg6 Kxg6 39. Qc2+ Qxc2+ 40. Kxc2 Rc7 41. Kc3 g4 42. a4 gxf3 43. gxf3 Rb7 44. Rb1 Kg5 45. b5 axb5 46. Rxb5 Ra7 47. Kb4 Kh4 48. Rb6 Kg3 49. Rxe6 Kxf3 50. Rc6 Ke3 51. a5 f3 52. Rf6 f2 53. e6 Ke2 54. Kc5 Rxa5+ 55. Kb6 Ra8 56. Kc5 f1Q 57. Rxf1 Kxf1 58. Kxd5 c3 0-1